[Event "Napoli Spring Cup 1st"]
[Site "Napoli"]
[Date "2017.03.30"]
[Round "4"]
[White "Melchior, Alex"]
[Black "Radice, Mario"]
[Result "1-0"]
[WhiteElo "1983"]
[BlackElo "1796"]
[PlyCount "35"]
[EventDate "2017.03.09"]
[EventType "swiss"]
[EventRounds "6"]
[EventCountry "ITA"]
[SourceTitle "EXT 2018"]
[Source "ChessBase"]
[SourceDate "2017.10.13"]
[SourceVersion "1"]
[SourceVersionDate "2017.10.13"]
[SourceQuality "1"]

1. e4 e5 2. Nf3 Nf6 3. Bc4 d5 4. exd5 Bg4 5. d3 Nxd5 6. 0-0 Be7 7. Nc3 Nb6 8. Bxf7+ Kf8 9. h3 Bxh3 10. gxh3 Kxf7 11. Nxe5+ Kg8 12. Qh5 Qf8 13. Be3 g6 14. Qg4 Qf6 15. Bd4 c5 16. Ne4 Qf5 17. Qxf5 gxf5 18. Nxc5 1-0

[Event "Napoli Winter Cup 1st"]
[Site "Napoli"]
[Date "2017.02.16"]
[Round "5"]
[White "Mauro, Lucio"]
[Black "Radice, Mario"]
[Result "0-1"]
[WhiteElo "1598"]
[BlackElo "1796"]
[PlyCount "72"]
[EventDate "2017.01.19"]
[EventType "swiss"]
[EventRounds "5"]
[EventCountry "ITA"]
[SourceTitle "EXT 2018"]
[Source "ChessBase"]
[SourceDate "2017.10.13"]
[SourceVersion "1"]
[SourceVersionDate "2017.10.13"]
[SourceQuality "1"]

1. e4 e5 2. Nf3 Nf6 3. Nxe5 d6 4. Nf3 Nxe4 5. d4 d5 6. Bd3 Nc6 7. h3 Bd6 8. c4 Nb4 9. Be2 Nf6 10. a3 Nc6 11. c5 Be7 12. 0-0 0-0 13. b4 a6 14. Re1 Re8 15. Bf1 Ne4 16. Nfd2 Nxf2 17. Kxf2 Bxh3 18. Rxe7 Qxe7 19. gxh3 Qe3+ 20. Kg2 Re6 21. Nf3 Rg6+ 22. Kh2 Qf2+ 23. Kh1 Rg3 24. Qe2 Rxh3+ 25. Bxh3 Qxe2 26. Ng1 Qc2 27. Nd2 Nxd4 28. Ngf3 Qd1+ 29. Kg2 Nxf3 30. Nxf3 Re8 31. Kg3 Re3 32. Bg2 Qd4 33. Rb1 Qe5+ 34. Kf2 Re2+ 35. Kf1 Qe4 36. Nd2 Qxg2# 0-1

[Event "Napoli Autunno Vomero op-A"]
[Site "Napoli"]
[Date "2016.09.20"]
[Round "3"]
[White "Lombardo, Michele"]
[Black "Radice, Mario"]
[Result "1-0"]
[WhiteElo "2080"]
[BlackElo "1803"]
[PlyCount "59"]
[EventDate "2016.09.08"]
[EventType "swiss"]
[EventRounds "7"]
[EventCountry "ITA"]
[SourceTitle "EXT 2018"]
[Source "ChessBase"]
[SourceDate "2017.10.13"]
[SourceVersion "1"]
[SourceVersionDate "2017.10.13"]
[SourceQuality "1"]

1. e4 e5 2. Nf3 Nf6 3. Nxe5 d6 4. Nf3 Nxe4 5. d4 d5 6. Bd3 Nc6 7. h3 Bd6 8. 0-0 0-0 9. c4 Nf6 10. Nc3 Nb4 11. cxd5 Nxd3 12. Qxd3 Be7 13. Re1 Re8 14. Bg5 h6 15. Bh4 b6 16. Ne5 Bb7 17. Nc6 Bxc6 18. dxc6 Qd6 19. Qc4 Rad8 20. Rad1 Nd5 21. Bg3 Nf4 22. d5 g5 23. Nb5 Qc5 24. Qxc5 Bxc5 25. Bxf4 gxf4 26. Rxe8+ Rxe8 27. Nxc7 Re2 28. d6 Rxf2 29. Kh1 f3 30. gxf3 1-0

[Event "Napoli Primavera al Vomero op"]
[Site "Napoli"]
[Date "2016.06.16"]
[Round "6"]
[White "Esposito, Rosario"]
[Black "Radice, Mario"]
[Result "0-1"]
[WhiteElo "1802"]
[BlackElo "1869"]
[PlyCount "120"]
[EventDate "2016.05.05"]
[EventType "swiss"]
[EventRounds "6"]
[EventCountry "ITA"]
[SourceTitle "EXT 2018"]
[Source "ChessBase"]
[SourceDate "2017.10.13"]
[SourceVersion "1"]
[SourceVersionDate "2017.10.13"]
[SourceQuality "1"]

1. d4 b6 2. e4 Bb7 3. f3 e6 4. Be3 f5 5. Bd3 fxe4 6. fxe4 Bxe4 7. Nf3 Nf6 8. Bg5 Bb4+ 9. c3 Bxd3 10. Qxd3 Bd6 11. Nbd2 Nc6 12. 0-0 0-0 13. Nc4 Be7 14. Nfe5 Nxe5 15. Nxe5 Nd5 16. Rxf8+ Qxf8 17. Rf1 Qe8 18. Bxe7 Nxe7 19. Qe4 Rc8 20. Qg4 Nf5 21. Qh3 d6 22. Nd3 c5 23. dxc5 bxc5 24. Re1 Qf7 25. Rf1 Re8 26. g4 Qg6 27. Nf4 Qg5 28. Qh5 Qxh5 29. gxh5 Kf7 30. Re1 Nh6 31. h3 Ng8 32. Kf2 Nf6 33. Kf3 e5 34. Ng2 Nxh5 35. Ne3 Nf4 36. Nc4 Ke6 37. Rd1 Rd8 38. Ne3 Nxh3 39. Rh1 Ng5+ 40. Kg4 h6 41. Nf5 Kf7 42. Rf1 Kg8 43. Ne7+ Kh7 44. Nd5 Rd7 45. c4 Rf7 46. Rf5 Kg6 47. Rxf7 Kxf7 48. Kf5 Ne6 49. Kg4 g6 50. b3 Nf4 51. Nc7 h5+ 52. Kf3 Nd3 53. Nb5 Ke6 54. Nxa7 Nc1 55. Nb5 Nxa2 56. Nc7+ Kf5 57. Nb5 e4+ 58. Ke3 Ke5 59. Kd2 h4 60. Ke3 g5 0-1

[Event "Napoli Giglio Memorial"]
[Site "Napoli"]
[Date "2015.09.17"]
[Round "2"]
[White "Radice, Mario"]
[Black "Minopoli, Francesco"]
[Result "1/2-1/2"]
[WhiteElo "1887"]
[BlackElo "1616"]
[PlyCount "184"]
[EventDate "2015.09.10"]
[EventType "swiss"]
[EventRounds "4"]
[EventCountry "ITA"]
[SourceTitle "EXT 2024"]
[Source "ChessBase"]
[SourceDate "2023.10.10"]
[SourceVersion "1"]
[SourceVersionDate "2023.10.10"]
[SourceQuality "1"]

1. b3 e5 2. Bb2 d6 3. e3 Nf6 4. Bd3 Nbd7 5. Na3 a6 6. Nh3 b5 7. Qf3 Rb8 8. c4 Bb7 9. Qg3 e4 10. Be2 b4 11. Nc2 Ba8 12. 0-0 Nc5 13. Nf4 g6 14. Qg5 Be7 15. Qg3 0-0 16. Rfd1 Re8 17. d4 exd3 18. Nxd3 Nce4 19. Qh3 Nc3 20. Rd2 Nfe4 21. Bxc3 bxc3 22. Rdd1 Bf6 23. Rac1 Qc8 24. Bg4 Qd8 25. Ncb4 Ng5 26. Qg3 Ne4 27. Qf3 h5 28. Bxh5 gxh5 29. Nxa6 Rb6 30. Nab4 Nd2 31. Qg3+ Bg7 32. Nd5 Bxd5 33. cxd5 Re5 34. Nf4 Rg5 35. Qh3 Ne4 36. f3 Nc5 37. Ne2 Qe7 38. e4 Qf6 39. Rxc3 Qe7 40. Rc2 Rb8 41. Nf4 Qe5 42. Nd3 Nxd3 43. Rxd3 Qe7 44. Rd1 Rf8 45. Rdc1 Bd4+ 46. Kf1 Bb6 47. Qh4 Re5 48. Qxe7 Rxe7 49. a4 f5 50. b4 fxe4 51. Re2 Rf5 52. a5 Ba7 53. Ke1 Rxd5 54. Rxe4 Rxe4+ 55. fxe4 Re5 56. Rc4 Bg1 57. h3 Re7 58. Kf1 Bh2 59. a6 Rf7+ 60. Ke2 Bg1 61. b5 Bb6 62. Ra4 Rf2+ 63. Ke1 Rxg2 64. a7 Bxa7 65. Rxa7 Rc2 66. Ra8+ Kg7 67. Rc8 Rc5 68. b6 cxb6 69. Rd8 Rc6 70. Kd2 Kf6 71. Kd3 Kg5 72. Kd4 b5 73. Kd5 Rc4 74. Rxd6 Rc3 75. e5 b4 76. Rb6 b3 77. e6 Re3 78. Kd4 Kf4 79. h4 Re4+ 80. Kd5 Kf5 81. Rxb3 Re5+ 82. Kd4 Re4+ 83. Kd5 Re5+ 84. Kd6 Rxe6+ 85. Kd7 Re4 86. Rb5+ Kg4 87. Rg5+ Kxh4 88. Rg7 Rg4 89. Rh7 Kg5 90. Ke6 Kf4 91. Kf6 h4 92. Rh6 h3 1/2-1/2

[Event "Napoli Sociale op"]
[Site "Napoli"]
[Date "2015.06.25"]
[Round "4"]
[White "Buonanno, Raffaele"]
[Black "Radice, Mario"]
[Result "0-1"]
[WhiteElo "1704"]
[BlackElo "1882"]
[PlyCount "78"]
[EventDate "2015.06.04"]
[EventType "swiss"]
[EventRounds "7"]
[EventCountry "ITA"]
[SourceTitle "EXT 2017"]
[Source "ChessBase"]
[SourceDate "2016.10.25"]
[SourceVersion "1"]
[SourceVersionDate "2016.10.25"]
[SourceQuality "1"]

1. d4 Nf6 2. c4 g6 3. Nc3 d5 4. cxd5 Nxd5 5. e4 Nxc3 6. bxc3 Bg7 7. Bc4 0-0 8. Ne2 c5 9. Be3 Nc6 10. Rc1 Bg4 11. f3 cxd4 12. cxd4 Qa5+ 13. Kf1 Bd7 14. h4 Rfd8 15. h5 Be8 16. hxg6 hxg6 17. d5 Ne5 18. Bb3 Bb5 19. a4 Ba6 20. Rc5 Qb6 21. Rc3 Qb4 22. Bd2 Qb6 23. Be3 Qb4 24. Bd2 Qd6 25. Qc2 Nc6 26. Rc5 Nd4 27. e5 Qxe5 28. Qe4 Qxe4 29. fxe4 Nxb3 30. Rc3 Nxd2+ 31. Ke1 Bxc3 32. Nxc3 Nc4 33. Rh3 Rac8 34. Kd1 e6 35. Kc2 exd5 36. exd5 Nd6 37. Kb2 Re8 38. Rf3 b5 39. axb5 Bxb5 0-1

[Event "Napoli Sociale op"]
[Site "Napoli"]
[Date "2015.06.11"]
[Round "2"]
[White "Radice, Mario"]
[Black "Guglielmi, Domenico Donato"]
[Result "1-0"]
[WhiteElo "1882"]
[BlackElo "1620"]
[PlyCount "79"]
[EventDate "2015.06.04"]
[EventType "swiss"]
[EventRounds "7"]
[EventCountry "ITA"]
[SourceTitle "EXT 2017"]
[Source "ChessBase"]
[SourceDate "2016.10.25"]
[SourceVersion "1"]
[SourceVersionDate "2016.10.25"]
[SourceQuality "1"]

1. b3 b6 2. Bb2 Bb7 3. f4 Nc6 4. Nf3 e6 5. e3 f5 6. Na3 Nf6 7. Bd3 Bd6 8. Qe2 a5 9. Nc4 Bc5 10. a3 Rg8 11. 0-0-0 Qe7 12. Kb1 Ba6 13. Ka2 h6 14. Nce5 Bxd3 15. Qxd3 Nxe5 16. Nxe5 g5 17. g3 Ng4 18. Qe2 Nxe5 19. fxe5 Qf7 20. Rhf1 Qg6 21. Qc4 c6 22. g4 Rf8 23. Qd3 b5 24. Rf3 h5 25. gxf5 exf5 26. Rdf1 Qe6 27. Rxf5 Rxf5 28. Rxf5 Be7 29. h4 0-0-0 30. hxg5 Rf8 31. Rxf8+ Bxf8 32. Qh7 Qg4 33. Qh8 Qxg5 34. Qxf8+ Kc7 35. Qd6+ Kc8 36. Qf8+ Kc7 37. Qf6 Qg4 38. Bd4 h4 39. Qd6+ Kc8 40. Bb6 1-0

[Event "Napoli Greco Memorial"]
[Site "Napoli"]
[Date "2015.04.09"]
[Round "1"]
[White "Pellegrino, Carlo"]
[Black "Radice, Mario"]
[Result "1/2-1/2"]
[WhiteElo "1599"]
[BlackElo "1896"]
[PlyCount "53"]
[EventDate "2015.04.09"]
[EventType "swiss"]
[EventRounds "6"]
[EventCountry "ITA"]
[SourceTitle "EXT 2017"]
[Source "ChessBase"]
[SourceDate "2016.10.25"]
[SourceVersion "1"]
[SourceVersionDate "2016.10.25"]
[SourceQuality "1"]

1. d4 Nf6 2. c4 g6 3. Nc3 d5 4. Bf4 Bg7 5. Nb5 Na6 6. Qd2 dxc4 7. Nc3 0-0 8. e4 c5 9. d5 Qa5 10. Bxc4 Bd7 11. Nf3 b5 12. Nxb5 Qxd2+ 13. Nxd2 Nh5 14. Bg5 Rfe8 15. Nc3 Nb4 16. 0-0 Rab8 17. Rac1 Rb6 18. Be3 Bd4 19. Nf3 Bxe3 20. fxe3 e6 21. Ne5 Re7 22. Rf2 exd5 23. Nxd7 Rxd7 24. Bxd5 Nf6 25. e5 Ng4 26. Rd2 Nxe5 27. b3 1/2-1/2

[Event "Napoli Porreca Memorial 3rd"]
[Site "Napoli"]
[Date "2013.10.31"]
[Round "6"]
[White "Franzese, Luigi"]
[Black "Radice, Mario"]
[Result "1-0"]
[WhiteElo "1872"]
[BlackElo "1911"]
[PlyCount "125"]
[EventDate "2013.09.26"]
[EventType "swiss"]
[EventRounds "7"]
[EventCountry "ITA"]
[SourceTitle "EXT 2015"]
[Source "ChessBase"]
[SourceDate "2014.11.20"]
[SourceVersion "1"]
[SourceVersionDate "2014.11.20"]
[SourceQuality "1"]

1. d4 b6 2. Nf3 Bb7 3. c4 e6 4. e3 Nf6 5. Nc3 Bb4 6. Bd2 0-0 7. Be2 d6 8. Qb3 Bxc3 9. Bxc3 Nbd7 10. 0-0 c5 11. Rfd1 Qe7 12. d5 exd5 13. cxd5 Qe4 14. Bd3 Qe7 15. e4 Nxe4 16. Re1 f5 17. Nd2 Qf7 18. Bc4 Nxc3 19. bxc3 Ne5 20. Rxe5 b5 21. Re6 bxc4 22. Qxc4 Rad8 23. Rae1 Rfe8 24. Qb3 Bc8 25. R6e3 Rxe3 26. Rxe3 Re8 27. c4 Kf8 28. Rxe8+ Qxe8 29. Qb8 Qd7 30. Nf3 h6 31. Nh4 g5 32. Nf3 Ke8 33. Qb2 Kf7 34. Qh8 Kg6 35. Qg8+ Qg7 36. Qe8+ Kh7 37. h4 g4 38. Qxc8 gxf3 39. Qxf5+ Kh8 40. Qxf3 Qe5 41. Qf8+ Kh7 42. Qf7+ Kh8 43. Qxa7 Qe1+ 44. Kh2 Qxf2 45. Qb8+ Kh7 46. Qc7+ Kh8 47. Qd8+ Kh7 48. Qe7+ Kh8 49. Qe8+ Kh7 50. Qd7+ Kh8 51. Qg4 Qxa2 52. Qf4 Kh7 53. Qxd6 Qxc4 54. Qe7+ Kh8 55. Qe5+ Kh7 56. Qe7+ Kh8 57. Qf6+ Kh7 58. d6 Qg4 59. Qe7+ Kh8 60. Qe5+ Kh7 61. g3 c4 62. Qe7+ Kg8 63. d7 1-0

[Event "Napoli Porreca Memorial 3rd"]
[Site "Napoli"]
[Date "2013.10.17"]
[Round "4"]
[White "Esposito, Rosario"]
[Black "Radice, Mario"]
[Result "0-1"]
[WhiteElo "1826"]
[BlackElo "1911"]
[PlyCount "56"]
[EventDate "2013.09.26"]
[EventType "swiss"]
[EventRounds "7"]
[EventCountry "ITA"]
[SourceTitle "EXT 2015"]
[Source "ChessBase"]
[SourceDate "2014.11.20"]
[SourceVersion "1"]
[SourceVersionDate "2014.11.20"]
[SourceQuality "1"]

1. d4 Nf6 2. c4 g6 3. Nc3 d5 4. Bf4 Bg7 5. e3 c5 6. dxc5 Qa5 7. Rc1 dxc4 8. Bxc4 0-0 9. Nge2 Nbd7 10. 0-0 Nxc5 11. Nb5 Ne6 12. Nc7 Nxf4 13. Nxf4 Rb8 14. Qb3 e6 15. Nb5 a6 16. Nc3 b5 17. Rfd1 Bd7 18. Bd3 b4 19. Ne4 Ba4 20. Qc4 Bxd1 21. Nxe6 fxe6 22. Qxe6+ Kh8 23. Rxd1 Rfe8 24. Qc6 Rbc8 25. Qb7 Rc7 26. Qxa6 Qxa6 27. Bxa6 Nxe4 28. Bb5 Rec8 0-1

[Event "Campobasso op 20th"]
[Site "Campobasso"]
[Date "2013.08.04"]
[Round "6"]
[White "Chiaretti, Roberto"]
[Black "Radice, Mario"]
[Result "1-0"]
[WhiteElo "2212"]
[BlackElo "1910"]
[PlyCount "79"]
[EventDate "2013.08.02"]
[EventType "swiss"]
[EventRounds "6"]
[EventCountry "ITA"]
[SourceTitle "EXT 2015"]
[Source "ChessBase"]
[SourceDate "2014.11.20"]
[SourceVersion "1"]
[SourceVersionDate "2014.11.20"]
[SourceQuality "1"]

1. e4 e5 2. d4 exd4 3. Nf3 d5 4. Qxd4 dxe4 5. Qxd8+ Kxd8 6. Ng5 Be6 7. Nc3 Bb4 8. Bd2 Nf6 9. 0-0-0 Nbd7 10. Ncxe4 Nxe4 11. Nxe4 Bxd2+ 12. Rxd2 Ke7 13. Ng5 Rad8 14. Nxe6 Kxe6 15. Bc4+ Kf6 16. Rhd1 Ke7 17. Bxf7 Ne5 18. Rxd8 Rxd8 19. Rxd8 Kxd8 20. Bd5 c6 21. Be4 h6 22. f4 Nc4 23. Bd3 Ne3 24. g3 Ke7 25. Kd2 Nd5 26. Be4 Nf6 27. Bf3 Kd6 28. Ke3 Kc5 29. g4 Nd7 30. h4 Kd6 31. Be4 Nf6 32. g5 hxg5 33. fxg5 Nd7 34. Kf4 Ke7 35. h5 Nf8 36. Bf5 Kf7 37. Ke5 Ke7 38. c4 c5 39. Kd5 b6 40. Kc6 1-0

[Event "Campobasso op-A 17th"]
[Site "Campobasso"]
[Date "2010.07.25"]
[Round "5"]
[White "Radice, Mario"]
[Black "Cardone, Andrea"]
[Result "0-1"]
[WhiteElo "1917"]
[BlackElo "1890"]
[PlyCount "104"]
[EventDate "2010.07.22"]
[EventType "swiss"]
[EventRounds "6"]
[EventCountry "ITA"]
[SourceTitle "EXT 2013"]
[Source "ChessBase"]
[SourceDate "2012.11.22"]
[SourceVersion "1"]
[SourceVersionDate "2012.11.22"]
[SourceQuality "1"]

1. e4 d5 2. exd5 Qxd5 3. Nc3 Qa5 4. d4 c6 5. Bd2 Qd8 6. Nf3 Bg4 7. Be3 Nf6 8. Be2 g6 9. h3 Bxf3 10. Bxf3 Bg7 11. Qd2 Nbd7 12. Rd1 Nb6 13. Bh6 Nc4 14. Qc1 0-0 15. Bxg7 Kxg7 16. 0-0 Qc7 17. d5 Ne5 18. Qf4 Nxf3+ 19. Qxf3 Nxd5 20. Nxd5 cxd5 21. Qxd5 Rad8 22. Qb3 b6 23. c3 Rxd1 24. Rxd1 Rd8 25. Rd5 Rxd5 26. Qxd5 Qd6 27. Qxd6 exd6 28. Kf1 Kf6 29. Ke2 Ke5 30. Ke3 f5 31. a4 f4+ 32. Kd3 h5 33. h4 d5 34. f3 a6 35. b4 b5 36. a5 Ke6 37. Ke2 Ke5 38. Kf2 d4 39. Ke2 dxc3 40. Kd3 c2 41. Kxc2 Kd4 42. Kb3 Ke3 43. Kc3 Kf2 44. Kd4 Kxg2 45. Kc5 Kxf3 46. Kb6 Ke3 47. Kxa6 f3 48. Kb6 f2 49. a6 f1Q 50. a7 Qf3 51. Kc7 Kd4 52. Kb8 Kc4 0-1

[Event "Campobasso op-A 17th"]
[Site "Campobasso"]
[Date "2010.07.23"]
[Round "3"]
[White "Aliberti, Emilio"]
[Black "Radice, Mario"]
[Result "1-0"]
[WhiteElo "1847"]
[BlackElo "1917"]
[PlyCount "104"]
[EventDate "2010.07.22"]
[EventType "swiss"]
[EventRounds "6"]
[EventCountry "ITA"]
[SourceTitle "EXT 2013"]
[Source "ChessBase"]
[SourceDate "2012.11.22"]
[SourceVersion "1"]
[SourceVersionDate "2012.11.22"]
[SourceQuality "1"]

1. d4 Nf6 2. c4 g6 3. g3 d5 4. cxd5 Nxd5 5. Bg2 Bg7 6. Nc3 Nxc3 7. bxc3 c5 8. e3 0-0 9. Ne2 Nc6 10. 0-0 cxd4 11. cxd4 Bf5 12. Ba3 Qd7 13. Nf4 Rfd8 14. Re1 e5 15. dxe5 Nxe5 16. Qb3 Rab8 17. Red1 Qe8 18. Bd6 b5 19. Bxb8 Rxd1+ 20. Rxd1 Qxb8 21. a4 Bg4 22. Rb1 Nf3+ 23. Bxf3 Bxf3 24. Qxb5 Qc8 25. Qb8 Qxb8 26. Rxb8+ Bf8 27. Rd8 Kg7 28. Rd7 a6 29. Ra7 g5 30. Ng2 Be2 31. f3 Bc5 32. Rc7 Bb4 33. Kf2 Bd1 34. Ne1 Bxa4 35. Rc4 a5 36. Nd3 Bb5 37. Rd4 Bxd3 38. Rxd3 Kf6 39. Rd5 h6 40. e4 Ke6 41. Ke3 f6 42. Rb5 Kd6 43. Rb6+ Kc5 44. Rxf6 a4 45. Kd3 a3 46. Rf5+ Kb6 47. Kc2 Bc5 48. Kb3 Kb5 49. f4 gxf4 50. gxf4 a2 51. Kxa2 Kc4 52. Rxc5+ Kxc5 1-0

[Event "Campobasso op-A 17th"]
[Site "Campobasso"]
[Date "2010.07.22"]
[Round "1"]
[White "Stromboli, Carlo"]
[Black "Radice, Mario"]
[Result "1-0"]
[WhiteElo "2285"]
[BlackElo "1917"]
[PlyCount "47"]
[EventDate "2010.07.22"]
[EventType "swiss"]
[EventRounds "6"]
[EventCountry "ITA"]
[SourceTitle "EXT 2013"]
[Source "ChessBase"]
[SourceDate "2012.11.22"]
[SourceVersion "1"]
[SourceVersionDate "2012.11.22"]
[SourceQuality "1"]

1. e4 e6 2. d4 d5 3. Nc3 dxe4 4. Nxe4 Bd7 5. Bd3 Bc6 6. Nf3 Nd7 7. 0-0 Ngf6 8. Ned2 Be7 9. Re1 0-0 10. Qe2 Re8 11. c4 Bxf3 12. Nxf3 c5 13. Be3 cxd4 14. Bxd4 Bc5 15. Bc3 Qb6 16. a3 a5 17. Qc2 a4 18. Rad1 h6 19. Re2 Rad8 20. Qxa4 Ng4 21. Be1 Nxf2 22. Bxf2 Bxf2+ 23. Rxf2 Qe3 24. Qb3 1-0

[Event "Napoli Vomero Inverno op 4th"]
[Site "Napoli"]
[Date "2009.02.12"]
[Round "6"]
[White "Rosato, Luciano"]
[Black "Radice, Mario"]
[Result "1-0"]
[WhiteElo "2267"]
[BlackElo "1948"]
[PlyCount "59"]
[EventDate "2009.01.08"]
[EventType "swiss"]
[EventRounds "7"]
[EventCountry "ITA"]
[SourceTitle "EXT 2011"]
[Source "ChessBase"]
[SourceDate "2010.11.26"]
[SourceVersion "1"]
[SourceVersionDate "2010.11.26"]
[SourceQuality "1"]

1. d4 Nf6 2. c4 g6 3. Nc3 d5 4. cxd5 Nxd5 5. e4 Nxc3 6. bxc3 Bg7 7. Nf3 c5 8. Be3 Nc6 9. Rc1 Qa5 10. d5 Bxc3+ 11. Rxc3 Qxc3+ 12. Bd2 Qf6 13. dxc6 Qxc6 14. Qb1 a6 15. Bc3 0-0 16. Ne5 Qf6 17. Qc1 Qh4 18. Qe3 Be6 19. g3 Qh5 20. h4 g5 21. g4 Qh6 22. Bg2 f6 23. Nf3 Qg6 24. hxg5 Bxg4 25. Bh3 Bxf3 26. Be6+ Kh8 27. Qxf3 Qxg5 28. Bd2 Qe5 29. Rxh7+ Kxh7 30. Qh3+ 1-0

[Event "Napoli Vomero Inverno op 4th"]
[Site "Napoli"]
[Date "2009.01.15"]
[Round "2"]
[White "Radice, Mario"]
[Black "Giglio, Achille"]
[Result "1-0"]
[WhiteElo "1948"]
[BlackElo "1615"]
[PlyCount "83"]
[EventDate "2009.01.08"]
[EventType "swiss"]
[EventRounds "7"]
[EventCountry "ITA"]
[SourceTitle "EXT 2011"]
[Source "ChessBase"]
[SourceDate "2010.11.26"]
[SourceVersion "1"]
[SourceVersionDate "2010.11.26"]
[SourceQuality "1"]

1. e4 e5 2. Nf3 Nc6 3. Bc4 Bc5 4. c3 Nf6 5. d4 exd4 6. cxd4 Bb4+ 7. Bd2 0-0 8. Bxb4 Nxb4 9. Nc3 Qe7 10. 0-0 d6 11. Re1 Nc6 12. Nd5 Qd8 13. Rc1 Bg4 14. Qd3 Rc8 15. a3 Bh5 16. Bb5 Bxf3 17. Bxc6 bxc6 18. Nxf6+ Qxf6 19. gxf3 Qg6+ 20. Kh1 d5 21. Qa6 Qf6 22. Qd3 Rfe8 23. e5 Qh6 24. Qe3 Re6 25. Rc5 f5 26. Qxh6 Rxh6 27. b4 Rh3 28. Kg2 Rh4 29. Rd1 Rh6 30. Rd3 f4 31. Rdc3 Rg6+ 32. Kh1 Kf8 33. Rxc6 Rg5 34. Rxc7 Rxc7 35. Rxc7 a6 36. Rd7 h5 37. Rxd5 h4 38. Rd8+ Ke7 39. Rh8 a5 40. b5 Ke6 41. b6 Kd7 42. b7 1-0

[Event "Napoli Vomero Inverno op 3rd "]
[Site "Napoli"]
[Date "2008.02.14"]
[Round "6"]
[White "Radice, Mario"]
[Black "Della Ragione, Achille"]
[Result "0-1"]
[WhiteElo "1951"]
[BlackElo "1996"]
[PlyCount "144"]
[EventDate "2008.01.10"]
[EventType "swiss"]
[EventRounds "6"]
[EventCountry "ITA"]
[SourceTitle "EXT 2009"]
[Source "ChessBase"]
[SourceDate "2008.11.26"]
[SourceVersion "1"]
[SourceVersionDate "2008.11.26"]
[SourceQuality "1"]

1. e4 d5 2. exd5 Nf6 3. c4 c6 4. d4 cxd5 5. Nc3 e6 6. Nf3 Be7 7. cxd5 Nxd5 8. Bd3 0-0 9. a3 b6 10. Qc2 h6 11. 0-0 Bb7 12. Ne5 Nd7 13. Bb5 Nxe5 14. dxe5 Nxc3 15. Qxc3 Qd5 16. Qf3 Qxf3 17. gxf3 Bxf3 18. Be3 Rfd8 19. Rac1 Rac8 20. Ba6 Rxc1 21. Rxc1 Rd1+ 22. Rxd1 Bxd1 23. Bb7 Bc2 24. Kf1 Kh7 25. Ke2 Kg6 26. Kd2 Bf5 27. Bc6 Kh5 28. Be8 Bg6 29. Kc3 f6 30. Bd7 Bf5 31. Bd4 Kg4 32. a4 Kf4 33. a5 bxa5 34. Bxa7 Kxe5 35. Bb6 Bb4+ 36. Kc4 Kd6 37. Be8 Be4 38. Kb5 Be1 39. Bxa5 Bxf2 40. Bb4+ Kc7 41. Bf8 g5 42. Bxh6 Bd4 43. b4 Bd3+ 44. Ka5 Be5 45. Bg7 Kd8 46. Bc6 Ke7 47. b5 Bxh2 48. b6 Kf7 49. Bh6 Bd6 50. b7 Bc7+ 51. Kb4 Ke7 52. Kc5 Bg6 53. Bg7 e5 54. Bd5 Be8 55. Bh6 Bd7 56. Be4 Bb8 57. Kb6 g4 58. Be3 f5 59. Bd5 f4 60. Bc5+ Kf6 61. Bf8 f3 62. Bc5 Kf5 63. Be7 e4 64. Bd8 e3 65. Bc7 e2 66. Bxb8 e1Q 67. Ba7 Qe3+ 68. Ka6 Qd3+ 69. Kb6 Qxd5 70. b8Q Qb5+ 71. Kc7 Qxb8+ 72. Kxb8 g3 0-1

[Event "Napoli Vomero Inverno op 3rd "]
[Site "Napoli"]
[Date "2008.01.10"]
[Round "1"]
[White "Radice, Mario"]
[Black "Pinto, Gaetano"]
[Result "0-1"]
[WhiteElo "1951"]
[BlackElo "2061"]
[PlyCount "114"]
[EventDate "2008.01.10"]
[EventType "swiss"]
[EventRounds "6"]
[EventCountry "ITA"]
[SourceTitle "EXT 2009"]
[Source "ChessBase"]
[SourceDate "2008.11.26"]
[SourceVersion "1"]
[SourceVersionDate "2008.11.26"]
[SourceQuality "1"]

1. e4 e6 2. d4 d5 3. e5 c5 4. c3 Nc6 5. Nf3 Qb6 6. Bd3 cxd4 7. cxd4 Bd7 8. 0-0 Nxd4 9. Nbd2 Nxf3+ 10. Nxf3 Bb5 11. Be3 Bc5 12. Bxc5 Qxc5 13. Rc1 Qb6 14. Bxb5+ Qxb5 15. Rc7 Nh6 16. Nd4 Qa6 17. Qb3 0-0 18. Qxb7 Qxb7 19. Rxb7 Rfb8 20. Rxb8+ Rxb8 21. Rb1 Rc8 22. f3 Kf8 23. b4 Ke7 24. b5 Kd7 25. Nc6 Rc7 26. a4 Kc8 27. a5 Nf5 28. Rc1 Kb7 29. Kf2 Nd4 30. Nd8+ Kc8 31. Rxc7+ Kxc7 32. Nxf7 Nxb5 33. Ng5 Kd7 34. Nxh7 Na3 35. f4 a6 36. Ng5 Ke7 37. h4 Nc4 38. h5 Nxa5 39. Nf3 Nc6 40. Ke3 Kf7 41. g4 Ne7 42. Nd4 Ng8 43. f5 exf5 44. gxf5 Ne7 45. Kf4 a5 46. Kg5 a4 47. e6+ Kf8 48. f6 gxf6+ 49. Kxf6 a3 50. Ke5 Nc6+ 51. Nxc6 a2 52. Kxd5 a1Q 53. Kd6 Ke8 54. e7 Qf6+ 55. Kc7 Qg5 56. Kd6 Qh6+ 57. Kc7 Qe6 0-1

[Event "Napoli Vomero Settembre op 4th"]
[Site "Napoli"]
[Date "2007.10.18"]
[Round "4"]
[White "Improta, Giovanni"]
[Black "Radice, Mario"]
[Result "1-0"]
[WhiteElo "1935"]
[BlackElo "1982"]
[PlyCount "45"]
[EventDate "2007.09.27"]
[EventType "swiss"]
[EventRounds "6"]
[EventCountry "ITA"]
[SourceTitle "EXT 2010"]
[Source "ChessBase"]
[SourceDate "2010.11.25"]
[SourceVersion "1"]
[SourceVersionDate "2010.11.25"]
[SourceQuality "1"]

1. d4 Nf6 2. c4 g6 3. Nc3 d5 4. cxd5 Nxd5 5. e4 Nxc3 6. bxc3 c5 7. Nf3 Bg7 8. Bb5+ Kf8 9. 0-0 Bg4 10. Be3 Bxf3 11. Qxf3 cxd4 12. Rad1 e5 13. cxd4 exd4 14. Bc1 Nc6 15. Qh3 Qb6 16. Ba4 Rd8 17. Kh1 h6 18. f4 Kg8 19. f5 Nb4 20. fxg6 fxg6 21. Bb3+ Kh7 22. Rf7 Rdf8 23. Qxh6+ 1-0

[Event "Napoli Basile Memorial-A"]
[Site "Napoli"]
[Date "2007.07.19"]
[Round "6"]
[White "Radice, Mario"]
[Black "Schiappoli, Dario"]
[Result "1-0"]
[WhiteElo "1988"]
[BlackElo "1923"]
[PlyCount "75"]
[EventDate "2007.06.07"]
[EventType "swiss"]
[EventRounds "7"]
[EventCountry "ITA"]
[SourceTitle "EXT 2010"]
[Source "ChessBase"]
[SourceDate "2010.11.25"]
[SourceVersion "1"]
[SourceVersionDate "2010.11.25"]
[SourceQuality "1"]

1. e4 c5 2. Nf3 d6 3. d4 cxd4 4. Nxd4 Nf6 5. Nc3 a6 6. a4 Qc7 7. Be2 e6 8. 0-0 Bd7 9. Be3 Nc6 10. Nb3 Ne5 11. a5 Nc4 12. Bxc4 Qxc4 13. Qd4 Rc8 14. Rfd1 Be7 15. e5 Qxd4 16. Bxd4 dxe5 17. Bxe5 Ng4 18. Bxg7 Rg8 19. Bd4 Bc6 20. Rd3 e5 21. Bc5 Bxc5 22. Nxc5 Nxh2 23. N5e4 Ke7 24. Kxh2 f5 25. Ng3 f4 26. Nge4 Rg6 27. Rh3 h6 28. Rh5 Ke6 29. Rd1 Bxe4 30. Nxe4 Rxc2 31. Rd6+ Kf7 32. Rxg6 Kxg6 33. Rxe5 Rxb2 34. f3 Rb5 35. Rxb5 axb5 36. Nc5 b4 37. Kh3 Kf5 38. Kh4 1-0